000 00509nam a2200181Ia 4500
001 11636
005 20260306162842.0
008 260306t2014||||xx |||||||||||||| ||spa||
041 _aESP
082 _a985.6
_bZ58
100 _aZegarra Moretti, Carlos Benjamín
_eAUT
245 0 _aAyaviri en los inicios de la república (1832-1857):
_bsegundo libro de fábrica de la parroquia San Francisco de Asís
260 _c2014
300 _a
_c
650 _aGEN
654 _aCHU
942 _cLIB
_dJUS
_fJUS
_2ddc
_n
999 _c11636
_d11636